Başbakan Tansu Çiller ile devlet bakanı ve başbakan yardımcısı Murat Karayalçın'ın ortak basın toplantısı (5 Nisan 1994) (Record no. 5910)

MARC details
000 -BAŞLIK
Sabit Uzunlukta Kontrol Alanı 00838na a2200253 4500
001 - KONTROL NUMARASI
Denetim Alanı 18952
003 - KONTROL NUMARASI IDENTIFIER
Denetim Alanı MIRAKIL
005 - SON İŞLEM TARİHİ VE ZAMANI
Denetim Alanı 20181213155051.0
008 - SABİT-BOY VERİ ELEMANLARI - GENEL BİLGİLER
Sabit Uzunlukta Kontrol Alanı 161205b tu 000 0
040 ## - KATALOGLAMA KAYNAK
Orijinal Kataloglama Ajansı Milas
Kataloglama Dili tur
Metne Dönüştürmek Ajansı TR-AnCHP
041 ## - DİL KODU
Metin / Ses Parça Veya Ayrı Başlığın Dil Kodu tur
082 ## - DEWEY ONLU SINIFLANDIRMA NUMARASI
Sınıflandırma Numarası 338.9
Ürün Numarası E46 1994
090 ## - SINIFLAMA NUMARASI
Sınıflama Numarası 338.9 E46 1994
111 ## - ANA GİRİŞ - TOPLANTI ADI
Giriş Elemanı Olarak Toplantı Adı Veya Yargı Alanı Adı Ekonomik İstikrara Doğru (Hedefler - Stratejiler)
Toplantı Veya Antlaşma İmzalandığı Tarihi 1994
245 ## - BAŞLIK TABLOSU
Başlık Başbakan Tansu Çiller ile devlet bakanı ve başbakan yardımcısı Murat Karayalçın'ın ortak basın toplantısı (5 Nisan 1994)
Sorumluluk Tablosu, Vb Başbakanlık Basın Merkezi
260 ## - YAYIN, DAĞITIM, VB
Yayın, Dağıtım, Vb Yeri Ankara
Yayıncı, Dağıtıcı, Vs Adı Başbakanlık Basımevi
Yayın, Dağıtım, Vb Tarihi 1994
300 ## - FİZİKSEL TANIM
Kapsam 62 s.
Boyutlar 23 sm.
650 ## - KONU KATMA GİRİŞ - TOPİKAL DÖNEM
Topikal Süreli Veya Coğrafi Ad Giriş Elemanı Toplantılar
650 ## - KONU KATMA GİRİŞ - TOPİKAL DÖNEM
Topikal Süreli Veya Coğrafi Ad Giriş Elemanı Ekonomik kalkınma
650 ## - KONU KATMA GİRİŞ - TOPİKAL DÖNEM
Topikal Süreli Veya Coğrafi Ad Giriş Elemanı Ekonomi
Genel Alt Bölümü Stratejiler
650 ## - KONU KATMA GİRİŞ - TOPİKAL DÖNEM
Topikal Süreli Veya Coğrafi Ad Giriş Elemanı Ekonomi
Genel Alt Bölümü Hedefler
710 ## - KATMA GİRİŞ - KURUMSAL ADI
Giriş Elemanı Olarak Kurumsal Ad Veya Yargı Alanı Adı Başbakanlık Basın Merkezi
942 ## - EKLENDİ GİRİŞ ELEMANLARI (KOHA)
Sınıflandırma Veya Raf Düzeni Kaynak
Koha Öğesi Türü Books
999 ## - SİSTEM KONTROL NUMARALARI (KOHA)
Koha Biblionumber 5910
Koha Biblioitemnumber 5910
Holdings
Kalıcı Konum Mevcut Konum Edinme Tarihi Edinim Kaynak Toplam Check-Out'Lar Tam Çağrı Numarası Barkod Tarih Son Görülme İtibaren Geçerli Fiyatlar Koha Öğesi Türü Kopya Sayısı
CHP Kütüphanesi CHP Kütüphanesi 12/05/2016 Bağış   338.9 E46 1994 010161 12/05/2016 12/05/2016 Books  
CHP Kütüphanesi CHP Kütüphanesi 12/05/2016 Bağış   338.9 E46 1994 010162 12/05/2016 12/05/2016 Books k.2
CHP Kütüphanesi CHP Kütüphanesi 12/05/2016 Bağış   338.9 E46 1994 010163 12/05/2016 12/05/2016 Books k.3